| 000 | 00441nam a22001697a 4500 | ||
|---|---|---|---|
| 999 |
_c3168 _d3125 |
||
| 008 | 180208b xxu||||| |||| 00| | tur d | ||
| 020 | _a975070309X | ||
| 041 | _atur | ||
| 050 | _aPL248.D863 | ||
| 100 |
_9969 _aDuman, Faruk |
||
| 245 | _aPiri Kayıp Denizler Üzerine Bir Anımsama | ||
| 250 | _a1. Baskı | ||
| 260 |
_aİstanbul: _bCan Yayınları, _c2003 |
||
| 300 | _a128 Sayfa | ||
| 650 | 0 |
_9145 _aTürk Edebiyatı |
|
| 942 |
_2lcc _cBK |
||